Causas e consequências da informalidade no Brasil (Registro nro. 318015)

Detalles MARC
000 -ENCABEZADO
Número de control [NR] 01103nam a2200253 c 4500
005 - FECHA Y HORA DE LA ÚLTIMA TRANSACCIÓN
control field 20201119161034.0
008 - DE LONGITUD FIJA DE DATOS DE ELEMENTOS - INFORMACIÓN GENERAL
Elementos de longitud fija [NR] 120830s2016 br a|||gr|||| 00| 0 por d
020 ## - NUMERO INTERNACIONAL NORMALIZADO PARA LIBROS [R]
Número Internacional Normalizado del libro [NR] 9788535268096
040 ## - FUENTE DE CATALOGACION [NR]
Agencia de catalogación original [NR] CO-BoUCM
Idioma de catalogación [NR] spa
Quien Cataloga Deissy Garcia
Quien Clasifica Deissy Garcia
041 0# - CODIGO DE IDIOMA [R]
Código de idioma para texto/pista de sonido o título separado [R] Portugués
245 00 - MENCION DE TITULO [NR]
Título [NR] Causas e consequências da informalidade no Brasil
Mención de responsabilidad, etc. [NR] Fernando de Holanda Barbosa Filho, Gabriel Ulyssea y Fernando Veloso (orgs.); Instituto Brasileiro de Economia; André Portela de Souza [y otros 21].
260 ## - PUBLICACION, DISTRIBUCION, ETC. (PIE DE IMPRENTA) [R]
Lugar de publicación, distribución, etc. [R] Rio de Janeiro (Brasil)
Nombre del editor, distribuidor, etc. [R] Elsevier
Fecha de publicación, distribución, etc. [R] 2016
300 ## - DESCRIPCION FISICA [R]
Extensión [R] xxvi, 356 páginas
Otros detalles físicos [NR] ilustraciones
504 ## - NOTA DE BIBLIOGRAFIA, ETC. [R]
Nota de bibliografía, etc. [NR] Incluye referencias bibliográficas
650 ## - ASIENTO SECUNDARIO DE MATERIA - TERMINO TEMATICO [R]
Término temático o nombre geográfico como elemento de entrada [NR] Desarrollo económico
Subdivisión geográfica [R] Brasil
9 (RLIN) 101667
650 ## - ASIENTO SECUNDARIO DE MATERIA - TERMINO TEMATICO [R]
Término temático o nombre geográfico como elemento de entrada [NR] Economía informal
Subdivisión geográfica [R] Brasil
9 (RLIN) 101668
651 ## - ASIENTO SECUNDARIO DE MATERIA - NOMBRE GEOGRAFICO [R]
Nombre geográfico [NR] Brasil
Subdivisión general [R] Condiciones económicas
9 (RLIN) 45647
700 1# - ASIENTO SECUNDARIO - NOMBRE PERSONAL [R]
9 (RLIN) 101666
Nombre personal [NR] Barbosa Filho, Fernando de Holanda
Término de relación [R] editor
700 ## - ASIENTO SECUNDARIO - NOMBRE PERSONAL [R]
Nombre personal [NR] Ulyssea, Gabriel
Término de relación [R] editor
9 (RLIN) 101669
700 ## - ASIENTO SECUNDARIO - NOMBRE PERSONAL [R]
Nombre personal [NR] Veloso, Fernando
9 (RLIN) 101670
710 ## - ASIENTO SECUNDARIO - NOMBRE CORPORATIVO [R]
Nombre corporativo o de jurisdicción como elemento de entrada [NR] Instituto Brasileiro de Economia
9 (RLIN) 101671
942 ## - ELEMENTOS DE ENTRADA AGREGADOS (KOHA)
Tipo de ítem principal el descrito en 300a Libro
Sistema de clasificación DEWEY
Tema principal Economía
Edición 1
Clasificación 330.981
Parte restante de la signatura top. C374
Existencias
Signatura topográfica Código de barras Última vez visto Ejemplar Costo de reposición Price effective from Tipo de ítem Perdido Sistema de clasificación Dañado No prestable Tipo de ítem específico Suprimido Ubicación habitual Ubicación actual Localización Fecha de creación Proveedor Forma de adquisición Costo
330.981 C374 100166863 03/12/2025 Ej.1 791618.00 29/09/2020 Libro   DEWEY     Libro   Claustro Claustro Mezanine 29/09/2020 156 Compra 791618.00